| 000 | 01004nam a22002417a 4500 | ||
|---|---|---|---|
| 999 |
_c12300 _d12300 |
||
| 003 | AR-CdUCM | ||
| 008 | 190408b ||||| |||| 00| 0 spa d | ||
| 040 |
_aMUNICIPALIDAD PROVINCIAL DEL CUSCO _cBIBLIOTECA MUNICIPAL DEL CUSCO |
||
| 082 |
_aC / 869.512 / _bV19 |
||
| 110 |
_aFestival del libro Cuzqueño. _930095 |
||
| 245 |
_aOllantay : _bComedea trageca de Ollantay en titulo, los rigo de un padre y generocidad de un Rey / |
||
| 260 |
_aCusco : _bH. G. Rozas, _c1958. |
||
| 300 |
_a100 páginas ; _c17 cm. |
||
| 500 |
_aColección dirigida por Luis Nieto. _aTexto quechua según el códice que se encuentra en el convento de Santo Domingo del Cuzco. _aTexto en Quechua y Español. |
||
| 505 | _aContenido: Comedea trageca de Ollantay. | ||
| 650 |
_aTeatro histórico peruano _93120 |
||
| 650 |
_aÉpoca Colonial _9645 |
||
| 650 |
_aTeatro Quechua _912390 |
||
| 650 |
_aOllantay _912391 |
||
| 700 |
_aGutierrez, Julio G. (traducción) _930096 |
||
| 942 |
_2ddc _cLIBROS |
||
| 945 |
_aachl _d2019-04-08 |
||